MARC details
| 000 -CABECERA |
| campo de control de longitud fija |
01963nam a2200229 a 4500 |
| 001 - NÚMERO DE CONTROL |
| campo de control |
000003223 |
| 005 - FECHA Y HORA DE LA ÚLTIMA TRANSACCIÓN |
| campo de control |
20240502105557.0 |
| 008 - DATOS DE LONGITUD FIJA--INFORMACIÓN GENERAL |
| campo de control de longitud fija |
090707d2006 dr a 000 j spa d |
| 020 ## - NÚMERO INTERNACIONAL ESTÁNDAR DEL LIBRO |
| Número Internacional Estándar del Libro |
9945410121 |
| 020 ## - NÚMERO INTERNACIONAL ESTÁNDAR DEL LIBRO |
| Número Internacional Estándar del Libro |
9789945410129 |
| 040 ## - FUENTE DE LA CATALOGACIÓN |
| Centro catalogador/agencia de origen |
DO-SdBNP |
| Lengua de catalogación |
spa |
| Centro/agencia transcriptor |
BNPHU |
| 082 ## - NÚMERO DE LA CLASIFICACIÓN DECIMAL DEWEY |
| Número de clasificación |
RD863.44 |
| Número de documento/Ítem |
D542n, 2006 |
| 100 1# - ENTRADA PRINCIPAL--NOMBRE DE PERSONA |
| Nombre de persona |
Díaz Grullón, Virgilio, |
| Fechas asociadas al nombre |
1924-2001 |
| Numeración |
1924-2001 |
| 9 (RLIN) |
501 |
| 245 10 - MENCIÓN DE TÍTULO |
| Título |
De niños, hombres y fantasmas / |
| Mención de responsabilidad, etc. |
Virgilio Díaz Grullón. |
| 260 ## - PUBLICACIÓN, DISTRIBUCIÓN, ETC. |
| Lugar de publicación, distribución, etc. |
Santo Domingo : |
| Nombre del editor, distribuidor, etc. |
Argos, |
| Fecha de publicación, distribución, etc. |
2006. |
| 300 ## - DESCRIPCIÓN FÍSICA |
| Extensión |
141 p. : |
| Otras características físicas |
il. ; |
| Dimensiones |
22 cm. |
| 505 0# - NOTA DE CONTENIDO CON FORMATO |
| Información miscelánea |
Presentación a la primera edición -- |
| Título |
A manera de prólogo -- |
| -- |
De niños-- |
| -- |
El pozo sin fondo -- |
| -- |
El reloj -- |
| -- |
Pesadilla -- |
| -- |
El pequeño culpable -- |
| -- |
La campana rota -- |
| -- |
El aprendiz de brujo -- |
| -- |
La enemiga -- |
| -- |
Matar un ratón -- |
| -- |
Punto de vista - |
| -- |
Matum -- |
| Información miscelánea |
Hombres -- |
| Título |
Caín -- |
| -- |
Jornada completa -- |
| -- |
Edipo -- |
| -- |
La puntualidad del señor Martínez -- |
| -- |
Propiedad privada -- |
| -- |
La rebelión -- |
| -- |
Vecindad -- |
| -- |
Fiebre -- |
| -- |
El corcho sobre el río -- |
| -- |
Dos pesos para Cirilo -- |
| -- |
Un epitafio para Don Justo -- |
| -- |
A través del muro -- |
| -- |
Crónica policial -- |
| -- |
Pas de deux -- |
| -- |
Estampa folklórica -- |
| -- |
Legaslismo -- |
| -- |
El sedicioso -- |
| -- |
El uno y el otro -- |
| -- |
Biografía de un suicidia -- |
| -- |
La única verídica versión de la muerte de Jhonny Watson relatada por él mismo -- |
| -- |
Catatónico -- |
| Información miscelánea |
Y fastamas -- |
| Título |
Círculo -- |
| -- |
Su amigo Arcadio -- |
| -- |
La resignada inmortalidad de Don Cástulo -- |
| -- |
Retorno -- |
| -- |
Más allá del espejo -- |
| -- |
Doble personalidad -- |
| -- |
Ícaro -- |
| -- |
El diario inconcluso -- |
| -- |
Vertiginoso tiempo -- |
| -- |
La verdadera pesadilla -- |
| -- |
La mutación -- |
| -- |
Viaje al microcosmo -- |
| -- |
La trampa -- |
| -- |
El cuento sin título -- |
| -- |
Falso embarazo -- |
| -- |
La pareja -- |
| -- |
La broma póstuma -- |
| -- |
La invasión -- |
| -- |
El maleficio -- |
| Información miscelánea |
Los algarrobos también sueñan -- |
| Título |
Los algarrobos también sueñan |
| 590 ## - NOTA LOCAL (RLIN) |
| Nota local |
Inventariado, 2020/MFF |
| 650 #0 - PUNTO DE ACCESO ADICIONAL DE MATERIA--TÉRMINO DE MATERIA |
| Término de materia o nombre geográfico como elemento de entrada |
Cuentos dominicanos |
| 9 (RLIN) |
176 |
| 650 #0 - PUNTO DE ACCESO ADICIONAL DE MATERIA--TÉRMINO DE MATERIA |
| Término de materia o nombre geográfico como elemento de entrada |
Literatura dominicana. |
| 9 (RLIN) |
67 |
| 910 ## - DATOS DE OPCIÓN DEL USUARIO (OCLC) |
| Datos de opción del usuario |
Validado. Control de calidad MMOLINA |